|
|
|
|
| LEADER |
00000nam a2200000 a 4500 |
| 001 |
vtls001091371 |
| 003 |
SK-MaSNL |
| 005 |
20260301062412.0 |
| 008 |
250414s1983 xo 0 hun |
| 015 |
|
|
|a SNBA1983/05
|
| 035 |
|
|
|a SNK000034213
|
| 040 |
|
|
|a SNK
|b slo
|c SNK
|e AACR2
|
| 041 |
0 |
|
|a hun
|
| 044 |
|
|
|a xo
|c SK
|
| 080 |
|
|
|a 882+820/89 (47+57)-93(087.5)=945.11
|2 1981
|
| 080 |
|
|
|a 820/89 (47
|2 1981
|
| 080 |
|
|
|a 57)-93(087.5)=945.11
|2 1981
|
| 080 |
|
|
|a 398.2(47
|2 1981
|
| 080 |
|
|
|a 57)
|2 1981
|
| 100 |
1 |
|
|a Ďuríčková, Mária,
|d 1919-2004
|4 aut
|9 200338
|
| 245 |
1 |
0 |
|a Szépek Szépe
|b A szovjetunió népeinek meséi
|c Mária Ďuríčková ; Mária Ďuríčková, István Ivanics, Ferdinand Hložník, Marián Jaššo, Ján Komorovský
|
| 250 |
|
|
|a 1., kiad.
|
| 260 |
|
|
|a Bratislava
|b Mladé letá
|c 1983
|e Martin
|f Tlačiarne SNP
|
| 300 |
|
|
|a 206 s., 16,00 AH
|c 29 cm
|
| 366 |
|
|
|e 3000 výtl.
|
| 500 |
|
|
|a Lit. 26. Ilustr. na front. Spoluvyd. Móra Ferenc Ifjúsági Könyvkiadó, Budapest. 26 zázn. v ruš.
|
| 700 |
1 |
|
|a Ďuríčková, Mária,
|d 1919-2004
|4 com
|9 200338
|
| 700 |
1 |
|
|a Ivanics, István
|4 trl
|9 44517
|
| 700 |
1 |
|
|a Hložník, Ferdinand,
|d 1921-2006
|4 bkd
|9 92675
|
| 700 |
1 |
|
|a Jaššo, Marián,
|d 1945-
|4 bkd
|9 214934
|
| 700 |
1 |
|
|a Komorovský, Ján,
|d 1924-2012
|4 oth
|9 16247
|
| 852 |
|
|
|a Slovenská národná knižnica
|
| 954 |
|
|
|a rozprávky ľudové
|a literatúra pre deti a mládež
|a literatúra národov ZSSR
|
| 958 |
|
|
|a LX
|
| 958 |
|
|
|a DB
|
| 958 |
|
|
|a SS
|
| 958 |
|
|
|a TL
|
| 958 |
|
|
|a UP
|
| 958 |
|
|
|a HU
|
| 958 |
|
|
|a OND
|
| 999 |
|
|
|c 620503
|d 622433
|
| 952 |
|
|
|a SNK
|b SNK
|y PREZ
|7 0
|p 17A0782314
|o snkSB 35379
|0 0
|1 0
|4 0
|d 2012-03-15
|f 1
|l 0
|r 2025-04-11 00:00:00
|w 2026-02-23
|
| 952 |
|
|
|t P60, <04>, [BOOK], {604}
|a SNK
|b SNK
|y VYP
|7 0
|p 17A0176173
|o snkSB 35379 D1
|0 0
|1 0
|4 0
|d 1999-01-20
|l 0
|r 2004-12-31 00:00:00
|w 2026-02-23
|